Crisis de los euromisiles / (Record no. 134461)

MARC details
000 -LEADER
campo de control de longitud fija 00672nam a2200205 i 4500
001 - NÚMERO DE CONTROL
campo de control 134461
003 - IDENTIFICADOR DE NÚMERO DE CONTROL
campo de control ES-MaACL
007 - CAMPO FIJO DE DESCRIPCIÓN FÍSICA--INFORMACIÓN GENERAL
campo de control de longitud fija t|
008 - DATOS DE LONGITUD FIJA--INFORMACIÓN GENERAL
campo de control de longitud fija 070911s1984 sp ||||1| spa d
100 1# - ENTRADA PRINCIPAL--NOMBRE DE PERSONA
Nombre de persona Webber, Philip.
9 (RLIN) 116247
245 10 - MENCIÓN DEL TÍTULO
Título Crisis de los euromisiles /
Mención de responsabilidad, etc. Philip Webber, Graeme Wilkinson, Barry Rubin ; [versión Patricia López de Tejada y Teresa Filesi].
250 ## - MENCION DE EDICION
Mención de edición [1ª ed.].
260 ## - PUBLICACIÓN, DISTRIBUCIÓN, ETC.
Lugar de publicación, distribución, etc. Madrid :
Nombre del editor, distribuidor, etc. Debate,
Fecha de publicación, distribución, etc. [1984]
300 ## - DESCRIPCIÓN FÍSICA
Extensión 154 p. ;
Dimensiones 18 cm.
700 1# - ENTRADA AGREGADA--NOMBRE PERSONAL
Nombre de persona Wilkinson, Graeme.
9 (RLIN) 116863
700 1# - ENTRADA AGREGADA--NOMBRE PERSONAL
Nombre de persona Rubin, Barry.
9 (RLIN) 100320
700 1# - ENTRADA AGREGADA--NOMBRE PERSONAL
Nombre de persona López de Tejada, Patricia.
9 (RLIN) 73593
700 1# - ENTRADA AGREGADA--NOMBRE PERSONAL
Nombre de persona Filesi, Teresa.
9 (RLIN) 50831
852 ## - LOCALIZACIÓN
Ubicación ES-MaACL
Número de control de estantería L-6625
Sublocalización o colección R.107170
Holdings
Estatus retirado Estado de pérdida Estado de daño No para préstamo Biblioteca de origen Biblioteca actual Ubicación en estantería Fecha de adquisición Fuente de adquisición Total de préstamos Signatura topográfica completa Código de barras Visto por última vez Precio de reemplazo Tipo de ítem Koha
        Biblioteca del Ateneo de Madrid Biblioteca del Ateneo de Madrid Depósito 2 17/01/2008     L-6625 1139958 23/02/2023 23/02/2023 Libro impreso